[Event "23rd ETCC Women 2021"]
[Site "Catez"]
[Date "2021.11.16"]
[Round "5.53"]
[White "Dolzhikova, Olga"]
[Black "Hapala, Elisabeth"]
[Result "0-1"]
[WhiteElo "2187"]
[BlackElo "2139"]
[Annotator "NA"]
[PlyCount "64"]
[EventDate "2021.11.08"]
[EventType "team-tourn"]
[EventCountry "SLO"]
[SourceTitle "playchess.com"]
[Source "ChessBase"]
[SourceQuality "1"]
[WhiteTeam "Norway"]
[BlackTeam "Austria"]
[WhiteTeamCountry "NOR"]
[BlackTeamCountry "AUT"]
[TimeControl "40/5400+30:1800+30"]

1. e4 {[%emt 0:00:41]} c5 {[%emt 0:00:07]} 2. c3 {[%emt 0:00:11]} Nf6 {[%emt 0:
00:04]} 3. e5 {[%emt 0:00:04]} Nd5 {[%emt 0:00:03]} 4. d4 {[%emt 0:00:03]} cxd4
{[%emt 0:00:04]} 5. Nf3 {[%emt 0:00:13]} e6 {[%emt 0:00:05]} 6. cxd4 {[%emt 0:
00:08]} d6 {[%emt 0:00:20]} 7. Bc4 {[%emt 0:00:27]} Be7 {[%emt 0:00:18]} 8. O-O
{[%emt 0:00:09]} O-O {[%emt 0:00:05]} 9. Qe2 {[%emt 0:00:09]} Bd7 {[%emt 0:00:
30]} 10. Nc3 {[%emt 0:02:51]} Nxc3 {[%emt 0:00:29]} 11. bxc3 {[%emt 0:00:04]}
Bc6 {[%emt 0:00:55]} 12. Bf4 {[%emt 0:04:41]} Qc7 {[%emt 0:00:46]} 13. Bb3 {
[%emt 0:01:47]} Nd7 {[%emt 0:03:21]} 14. Rfe1 {[%emt 0:05:19]} Bxf3 {[%emt 0:
10:43]} 15. Qxf3 {[%emt 0:00:09]} dxe5 {[%emt 0:00:04]} 16. dxe5 {[%emt 0:02:
02]} Rac8 {[%emt 0:00:48]} 17. Qg4 {[%emt 0:10:17]} Kh8 {[%emt 0:16:03]} 18.
Re3 {[%emt 0:00:58]} Rfd8 {[%emt 0:04:04]} 19. Rae1 {[%emt 0:05:50]} Nf8 {
[%emt 0:08:33]} 20. Bc2 {[%emt 0:10:30]} g6 {[%emt 0:06:59]} 21. Bh6 {[%emt 0:
13:00]} Kg8 {[%emt 0:06:24]} 22. Rf3 {[%emt 0:07:11]} Qc4 {[%emt 0:04:19]} 23.
Re4 {[%emt 0:12:07]} Qxa2 {[%emt 0:06:43]} 24. g3 {[%emt 0:00:48]} Rxc3 {
[%emt 0:08:25]} 25. Be3 {[%emt 0:12:37]} Rxe3 {[%emt 0:09:02]} 26. Rexe3 {
[%emt 0:02:37]} Qxc2 {[%emt 0:00:06]} 27. Kg2 {[%emt 0:02:59]} Nd7 {[%emt 0:04:
50]} 28. Qf4 {[%emt 0:01:30]} Rf8 {[%emt 0:01:27]} 29. Rc3 {[%emt 0:00:13]} Qb2
{[%emt 0:03:37]} 30. Rb3 {[%emt 0:02:43]} Qxe5 {[%emt 0:00:20]} 31. Rxb7 {
[%emt 0:00:09]} Qd5 {[%emt 0:00:32]} 32. Rxa7 {[%emt 0:02:36]} g5 {[%emt 0:03:
24]} 0-1

[Event "23rd ETCC Women 2021"]
[Site "Catez"]
[Date "2021.11.16"]
[Round "5.54"]
[White "Teuschler, Barbara"]
[Black "Machlik, Monika"]
[Result "0-1"]
[WhiteElo "2115"]
[BlackElo "2096"]
[Annotator "NA"]
[PlyCount "78"]
[EventDate "2021.11.08"]
[EventType "team-tourn"]
[EventCountry "SLO"]
[SourceTitle "playchess.com"]
[Source "ChessBase"]
[SourceQuality "1"]
[WhiteTeam "Austria"]
[BlackTeam "Norway"]
[WhiteTeamCountry "AUT"]
[BlackTeamCountry "NOR"]
[TimeControl "40/5400+30:1800+30"]

1. e4 {[%emt 0:00:02]} c6 {[%emt 0:00:04]} 2. d4 {[%emt 0:00:05]} d5 {[%emt 0:
00:03]} 3. Nc3 {[%emt 0:00:07]} dxe4 {[%emt 0:00:11]} 4. Nxe4 {[%emt 0:00:05]}
Bf5 {[%emt 0:00:11]} 5. Ng3 {[%emt 0:00:11]} Bg6 {[%emt 0:00:04]} 6. h4 {
[%emt 0:00:04]} h6 {[%emt 0:00:04]} 7. Nf3 {[%emt 0:00:06]} Nd7 {[%emt 0:00:05]
} 8. h5 {[%emt 0:00:06]} Bh7 {[%emt 0:00:03]} 9. Bd3 {[%emt 0:00:02]} Bxd3 {
[%emt 0:00:06]} 10. Qxd3 {[%emt 0:00:03]} e6 {[%emt 0:00:10]} 11. Bd2 {[%emt 0:
00:19]} Ngf6 {[%emt 0:00:33]} 12. O-O-O {[%emt 0:00:16]} Be7 {[%emt 0:00:31]}
13. Ne4 {[%emt 0:00:44]} Nxe4 {[%emt 0:00:18]} 14. Qxe4 {[%emt 0:00:02]} Nf6 {
[%emt 0:00:08]} 15. Qd3 {[%emt 0:01:03]} c5 {[%emt 0:01:11]} 16. Kb1 {[%emt 0:
25:00]} O-O {[%emt 0:09:12]} 17. g4 {[%emt 0:00:48]} Nxg4 {[%emt 0:05:47]} 18.
Qe2 {[%emt 0:00:10]} Qb6 {[%emt 0:10:40]} 19. Rhg1 {[%emt 0:16:16]} f5 {
[%emt 0:02:37]} 20. Ne5 {[%emt 0:00:47]} Nxe5 {[%emt 0:07:51]} 21. dxe5 {
[%emt 0:00:02]} f4 {[%emt 0:32:03]} 22. Qg4 {[%emt 0:20:39]} Bg5 {[%emt 0:01:
47]} 23. Bc1 {[%emt 0:00:25]} Rad8 {[%emt 0:02:57]} 24. Rxd8 {[%emt 0:00:22]}
Rxd8 {[%emt 0:01:02]} 25. c3 {[%emt 0:03:40]} Qc6 {[%emt 0:02:30]} 26. Ka1 {
[%emt 0:00:16]} Kh8 {[%emt 0:03:39]} 27. a3 {[%emt 0:00:34]} Rf8 {[%emt 0:05:
06]} 28. Re1 {[%emt 0:15:24]} Qd5 {[%emt 0:02:18]} 29. c4 {[%emt 0:06:31]} Qxc4
{[%emt 0:01:37]} 30. Bd2 {[%emt 0:00:01]} Rd8 {[%emt 0:03:05]} 31. Bc3 {
[%emt 0:00:49]} b5 {[%emt 0:00:34]} 32. Rd1 {[%emt 0:00:38]} Rxd1+ {[%emt 0:03:
55]} 33. Qxd1 {[%emt 0:00:01]} Qd5 {[%emt 0:00:46]} 34. Qc2 {[%emt 0:00:28]}
Qh1+ {[%emt 0:01:33]} 35. Ka2 {[%emt 0:00:01]} Qxh5 {[%emt 0:00:15]} 36. Qb3 {
[%emt 0:00:01]} Qe8 {[%emt 0:00:35]} 37. Ba5 {[%emt 0:05:57]} Qd7 {[%emt 0:00:
48]} 38. Ka1 {[%emt 0:00:05]} c4 {[%emt 0:02:35]} 39. Qb4 {[%emt 0:01:16]} Qd1+
{[%emt 0:01:47]} 0-1

[Event "23rd ETCC Women 2021"]
[Site "Catez"]
[Date "2021.11.17"]
[Round "5.55"]
[White "Machlik, Edit"]
[Black "Froewis, Annika"]
[Result "1/2-1/2"]
[WhiteElo "2087"]
[BlackElo "2079"]
[Annotator "NA"]
[PlyCount "82"]
[EventDate "2021.11.08"]
[EventType "team-tourn"]
[EventCountry "SLO"]
[SourceTitle "playchess.com"]
[Source "ChessBase"]
[SourceQuality "1"]
[WhiteTeam "Norway"]
[BlackTeam "Austria"]
[WhiteTeamCountry "NOR"]
[BlackTeamCountry "AUT"]
[TimeControl "40/5400+30:1800+30"]

1. d4 {[%emt 0:00:02]} d5 {[%emt 0:00:05]} 2. c4 {[%emt 0:00:05]} e6 {[%emt 0:
00:03]} 3. Nc3 {[%emt 0:00:37]} Nf6 {[%emt 0:00:05]} 4. cxd5 {[%emt 0:00:07]}
exd5 {[%emt 0:00:05]} 5. Bg5 {[%emt 0:00:06]} Be7 {[%emt 0:00:08]} 6. e3 {
[%emt 0:00:26]} c6 {[%emt 0:00:17]} 7. Qc2 {[%emt 0:00:07]} Nbd7 {[%emt 0:00:
17]} 8. Bd3 {[%emt 0:00:59]} h6 {[%emt 0:00:49]} 9. Bh4 {[%emt 0:00:53]} O-O {
[%emt 0:00:18]} 10. Nf3 {[%emt 0:01:09]} Re8 {[%emt 0:02:15]} 11. O-O {[%emt 0:
02:28]} Nh5 {[%emt 0:01:11]} 12. Bxe7 {[%emt 0:03:18]} Qxe7 {[%emt 0:00:02]}
13. Rab1 {[%emt 0:01:25]} a5 {[%emt 0:00:14]} 14. a3 {[%emt 0:01:47]} Nhf6 {
[%emt 0:00:15]} 15. b4 {[%emt 0:02:27]} axb4 {[%emt 0:00:19]} 16. axb4 {
[%emt 0:00:05]} b5 {[%emt 0:01:20]} 17. Ne2 {[%emt 0:20:55]} Bb7 {[%emt 0:01:
44]} 18. Nf4 {[%emt 0:14:58]} Ra4 {[%emt 0:04:41]} 19. Qc3 {[%emt 0:08:55]}
Rea8 {[%emt 0:01:15]} 20. Rb2 {[%emt 0:10:35]} Ra3 {[%emt 0:00:30]} 21. Rb3 {
[%emt 0:00:30]} Rxb3 {[%emt 0:00:30]} 22. Qxb3 {[%emt 0:00:30]} Nb6 {[%emt 0:
00:30]} 23. Qc3 {[%emt 0:00:30]} Nc4 {[%emt 0:00:30]} 24. Ra1 {[%emt 0:00:30]}
Rxa1+ {[%emt 0:00:30]} 25. Qxa1 {[%emt 0:00:30]} g5 {[%emt 0:00:30]} 26. Ne2 {
[%emt 0:00:30]} Nxe3 {[%emt 0:00:30]} 27. Ng3 {[%emt 0:00:30]} Nc4 {[%emt 0:00:
30]} 28. Qa7 {[%emt 0:00:30]} Nd6 {[%emt 0:00:30]} 29. Ne5 {[%emt 0:00:30]} Qc7
{[%emt 0:00:30]} 30. h3 {[%emt 0:00:30]} Nfe8 {[%emt 0:00:30]} 31. Nf5 {
[%emt 0:00:30]} Nxf5 {[%emt 0:00:30]} 32. Bxf5 {[%emt 0:00:30]} f6 {[%emt 0:00:
30]} 33. Nd7 {[%emt 0:00:30]} Kf7 {[%emt 0:00:30]} 34. Nc5 {[%emt 0:00:30]} Nd6
{[%emt 0:00:30]} 35. g4 {[%emt 0:00:30]} h5 {[%emt 0:00:30]} 36. Kg2 {[%emt 0:
00:30]} hxg4 {[%emt 0:00:30]} 37. hxg4 {[%emt 0:00:30]} Kg8 {[%emt 0:00:30]}
38. Be6+ {[%emt 0:00:30]} Kh7 {[%emt 0:00:30]} 39. Bf5+ {[%emt 0:00:30]} Kg8 {
[%emt 0:00:30]} 40. Be6+ {[%emt 0:00:30]} Kh7 {[%emt 0:00:30]} 41. Bf5+ {
[%emt 0:30:30]} Kg8 {[%emt 0:30:30]} 1/2-1/2

[Event "23rd ETCC Women 2021"]
[Site "Catez"]
[Date "2021.11.17"]
[Round "5.56"]
[White "Mayrhuber, Nikola"]
[Black "Rodsmoen, Maud"]
[Result "1-0"]
[WhiteElo "2091"]
[BlackElo "1953"]
[Annotator "NA"]
[PlyCount "73"]
[EventDate "2021.11.08"]
[EventType "team-tourn"]
[EventCountry "SLO"]
[SourceTitle "playchess.com"]
[Source "ChessBase"]
[SourceQuality "1"]
[WhiteTeam "Austria"]
[BlackTeam "Norway"]
[WhiteTeamCountry "AUT"]
[BlackTeamCountry "NOR"]
[TimeControl "40/5400+30:1800+30"]

1. d4 {[%emt 0:00:05]} d5 {[%emt 0:00:08]} 2. c4 {[%emt 0:00:05]} c6 {[%emt 0:
00:04]} 3. Nf3 {[%emt 0:00:12]} Nf6 {[%emt 0:00:14]} 4. e3 {[%emt 0:00:27]} Bf5
{[%emt 0:01:48]} 5. Nc3 {[%emt 0:00:18]} e6 {[%emt 0:00:36]} 6. Nh4 {[%emt 0:
00:35]} Be4 {[%emt 0:00:58]} 7. f3 {[%emt 0:00:39]} Bg6 {[%emt 0:00:05]} 8. Qb3
{[%emt 0:00:28]} Qc7 {[%emt 0:00:50]} 9. Bd2 {[%emt 0:01:07]} Bd6 {[%emt 0:03:
19]} 10. O-O-O {[%emt 0:10:01]} dxc4 {[%emt 0:12:54]} 11. Bxc4 {[%emt 0:00:23]}
b5 {[%emt 0:00:17]} 12. Be2 {[%emt 0:01:00]} a5 {[%emt 0:02:23]} 13. Nxg6 {
[%emt 0:02:15]} hxg6 {[%emt 0:10:28]} 14. Kb1 {[%emt 0:13:54]} a4 {[%emt 0:09:
17]} 15. Qc2 {[%emt 0:00:21]} O-O {[%emt 0:05:42]} 16. Rc1 {[%emt 0:08:47]} Qa7
{[%emt 0:02:25]} 17. Ne4 {[%emt 0:02:41]} Nxe4 {[%emt 0:03:36]} 18. Qxe4 {
[%emt 0:00:48]} Re8 {[%emt 0:04:08]} 19. h4 {[%emt 0:04:09]} e5 {[%emt 0:17:26]
} 20. h5 {[%emt 0:08:37]} f5 {[%emt 0:02:39]} 21. Qh4 {[%emt 0:01:05]} Qe7 {
[%emt 0:04:38]} 22. hxg6 {[%emt 0:08:23]} Qxh4 {[%emt 0:00:44]} 23. Rxh4 {
[%emt 0:00:05]} Re6 {[%emt 0:00:58]} 24. Bxb5 {[%emt 0:06:24]} Rxg6 {[%emt 0:
02:56]} 25. Bc4+ {[%emt 0:08:45]} Kf8 {[%emt 0:00:13]} 26. dxe5 {[%emt 0:01:32]
} Bxe5 {[%emt 0:00:35]} 27. Rd1 {[%emt 0:02:30]} c5 {[%emt 0:08:04]} 28. Rh5 {
[%emt 0:01:21]} Bf6 {[%emt 0:02:21]} 29. Rh8+ {[%emt 0:07:07]} Ke7 {[%emt 0:00:
05]} 30. Bd5 {[%emt 0:00:13]} Ra7 {[%emt 0:00:59]} 31. Rxb8 {[%emt 0:00:19]}
Rxg2 {[%emt 0:00:42]} 32. Bc3 {[%emt 0:03:46]} Bxc3 {[%emt 0:01:22]} 33. bxc3 {
[%emt 0:00:02]} Re2 {[%emt 0:01:06]} 34. Rg1 {[%emt 0:03:24]} Kf6 {[%emt 0:01:
47]} 35. f4 {[%emt 0:00:45]} g6 {[%emt 0:01:31]} 36. Rb6+ {[%emt 0:00:38]} Ke7
{[%emt 0:00:29]} 37. Rgxg6 {[%emt 0:00:47]} 1-0

[Event "23rd ETCC Women 2021"]
[Site "Catez"]
[Date "2021.11.17"]
[Round "5.57"]
[White "Toma, Katarzyna"]
[Black "Atalik, Ekaterina"]
[Result "0-1"]
[WhiteElo "2261"]
[BlackElo "2430"]
[Annotator "ChessBase"]
[PlyCount "92"]
[EventDate "2021.11.08"]
[EventType "team-tourn"]
[EventCountry "SLO"]
[SourceTitle "playchess.com"]
[Source "ChessBase"]
[SourceQuality "1"]
[WhiteTeam "England"]
[BlackTeam "Turkey"]
[WhiteTeamCountry "ENG"]
[BlackTeamCountry "TUR"]
[TimeControl "40/5400+30:1800+30"]

1. e4 {[%emt 0:00:03]} e5 {[%emt 0:00:14]} 2. Nf3 {[%emt 0:00:11]} Nc6 {
[%emt 0:00:08]} 3. Nc3 {[%emt 0:00:07]} Nf6 {[%emt 0:01:16]} 4. Bb5 {[%emt 0:
00:10]} d6 {[%emt 0:01:09]} 5. d4 {[%emt 0:04:36]} exd4 {[%emt 0:00:22]} 6.
Nxd4 {[%emt 0:05:12]} Bd7 {[%emt 0:00:13]} 7. Nxc6 {[%emt 0:00:20]} bxc6 {
[%emt 0:01:32]} 8. Bc4 {[%emt 0:00:06]} Be7 {[%emt 0:01:17]} 9. O-O {[%emt 0:
01:32]} O-O {[%emt 0:00:07]} 10. h3 {[%emt 0:02:46]} Rb8 {[%emt 0:03:50]} 11.
Rb1 {[%emt 0:00:27]} Be6 {[%emt 0:02:45]} 12. Bd3 {[%emt 0:22:10]} d5 {[%emt 0:
04:23]} 13. e5 {[%emt 0:02:47]} Nd7 {[%emt 0:01:36]} 14. f4 {[%emt 0:00:40]} f5
{[%emt 0:01:28]} 15. Bd2 {[%emt 0:09:33]} c5 {[%emt 0:05:07]} 16. b3 {[%emt 0:
01:40]} Nb6 {[%emt 0:00:53]} 17. Kh2 {[%emt 0:07:00]} Qd7 {[%emt 0:03:45]} 18.
a4 {[%emt 0:05:13]} d4 {[%emt 0:04:27]} 19. Na2 {[%emt 0:06:06]} c4 {[%emt 0:
01:30]} 20. Be2 {[%emt 0:01:49]} cxb3 {[%emt 0:07:23]} 21. cxb3 {[%emt 0:00:06]
} Nxa4 {[%emt 0:04:06]} 22. bxa4 {[%emt 0:11:12]} Bxa2 {[%emt 0:00:11]} 23.
Rxb8 {[%emt 0:00:09]} Rxb8 {[%emt 0:00:06]} 24. Qc2 {[%emt 0:00:03]} Bd5 {
[%emt 0:06:24]} 25. Bc4 {[%emt 0:01:28]} Bxc4 {[%emt 0:00:36]} 26. Qxc4+ {
[%emt 0:00:05]} Kh8 {[%emt 0:02:03]} 27. Rc1 {[%emt 0:01:30]} c5 {[%emt 0:01:
14]} 28. Qf7 {[%emt 0:00:19]} Rf8 {[%emt 0:01:52]} 29. Qb3 {[%emt 0:00:11]} Qc6
{[%emt 0:02:27]} 30. Qc4 {[%emt 0:01:17]} Qb7 {[%emt 0:00:46]} 31. Qe6 {
[%emt 0:01:09]} g6 {[%emt 0:11:03]} 32. a5 {[%emt 0:07:32]} a6 {[%emt 0:02:39]}
33. Be1 {[%emt 0:03:10]} Kg7 {[%emt 0:01:13]} 34. Bf2 {[%emt 0:02:57]} Rf7 {
[%emt 0:02:46]} 35. Qa2 {[%emt 0:00:45]} Qe4 {[%emt 0:00:57]} 36. Rb1 {[%emt 0:
03:28]} Qxf4+ {[%emt 0:01:08]} 37. Bg3 {[%emt 0:00:04]} Qe4 {[%emt 0:01:09]}
38. e6 {[%emt 0:00:53]} Rf8 {[%emt 0:01:46]} 39. Re1 {[%emt 0:00:37]} Qc6 {
[%emt 0:00:32]} 40. Be5+ {[%emt 0:00:31]} Bf6 {[%emt 0:10:38]} 41. Qc4 {
[%emt 0:09:02]} Re8 {[%emt 0:12:49]} 42. Bg3 {[%emt 0:09:28]} Re7 {[%emt 0:09:
26]} 43. Rb1 {[%emt 0:04:11]} Qxe6 {[%emt 0:00:27]} 44. Qxc5 {[%emt 0:00:05]}
Be5 {[%emt 0:08:28]} 45. Rb6 {[%emt 0:00:20]} Bxg3+ {[%emt 0:00:16]} 46. Kxg3 {
[%emt 0:00:13]} Qe3+ {[%emt 0:00:35]} 0-1

[Event "23rd ETCC Women 2021"]
[Site "Catez"]
[Date "2021.11.17"]
[Round "5.58"]
[White "Caglar, Sila"]
[Black "Head, Louise"]
[Result "1-0"]
[WhiteElo "2250"]
[BlackElo "2069"]
[Annotator "ChessBase"]
[PlyCount "81"]
[EventDate "2021.11.08"]
[EventType "team-tourn"]
[EventCountry "SLO"]
[SourceTitle "playchess.com"]
[Source "ChessBase"]
[SourceQuality "1"]
[WhiteTeam "Turkey"]
[BlackTeam "England"]
[WhiteTeamCountry "TUR"]
[BlackTeamCountry "ENG"]
[TimeControl "40/5400+30:1800+30"]

1. e4 {[%emt 0:00:02]} c6 {[%emt 0:00:04]} 2. d4 {[%emt 0:00:04]} d5 {[%emt 0:
00:04]} 3. exd5 {[%emt 0:00:10]} cxd5 {[%emt 0:00:06]} 4. c4 {[%emt 0:00:03]}
Nf6 {[%emt 0:00:07]} 5. Nc3 {[%emt 0:00:07]} Be6 {[%emt 0:00:08]} 6. Bg5 {
[%emt 0:00:40]} dxc4 {[%emt 0:22:54]} 7. Bxf6 {[%emt 0:01:52]} exf6 {[%emt 0:
10:13]} 8. d5 {[%emt 0:03:25]} Bc8 {[%emt 0:01:49]} 9. Bxc4 {[%emt 0:02:46]}
Bd6 {[%emt 0:01:16]} 10. Qe2+ {[%emt 0:07:16]} Kf8 {[%emt 0:06:17]} 11. O-O-O {
[%emt 0:07:28]} g6 {[%emt 0:03:18]} 12. h4 {[%emt 0:02:10]} h5 {[%emt 0:01:05]}
13. f3 {[%emt 0:02:20]} Nd7 {[%emt 0:02:27]} 14. Nh3 {[%emt 0:04:14]} a6 {
[%emt 0:13:53]} 15. Bb3 {[%emt 0:01:59]} f5 {[%emt 0:03:50]} 16. Qf2 {[%emt 0:
06:21]} b5 {[%emt 0:04:17]} 17. f4 {[%emt 0:07:11]} Bc5 {[%emt 0:03:29]} 18.
Qd2 {[%emt 0:03:38]} Bd6 {[%emt 0:03:18]} 19. g3 {[%emt 0:00:47]} Kg7 {[%emt 0:
01:37]} 20. Ng5 {[%emt 0:01:17]} Nc5 {[%emt 0:00:53]} 21. Bc2 {[%emt 0:00:10]}
Qf6 {[%emt 0:01:04]} 22. Rhe1 {[%emt 0:01:21]} b4 {[%emt 0:04:12]} 23. Ne2 {
[%emt 0:00:45]} Bb7 {[%emt 0:00:27]} 24. Kb1 {[%emt 0:02:11]} Rhd8 {[%emt 0:03:
54]} 25. Qxb4 {[%emt 0:11:19]} Nd3 {[%emt 0:00:49]} 26. Qxb7 {[%emt 0:01:37]}
Nxe1 {[%emt 0:02:15]} 27. Ne6+ {[%emt 0:02:24]} Kh8 {[%emt 0:06:45]} 28. Nxd8 {
[%emt 0:01:45]} Rb8 {[%emt 0:01:01]} 29. Nxf7+ {[%emt 0:00:10]} Kg8 {[%emt 0:
00:06]} 30. Nxd6 {[%emt 0:00:40]} Qxd6 {[%emt 0:01:39]} 31. Qc6 {[%emt 0:02:08]
} Qb4 {[%emt 0:01:18]} 32. Qxg6+ {[%emt 0:00:21]} Kh8 {[%emt 0:00:18]} 33.
Qxh5+ {[%emt 0:00:19]} Kg7 {[%emt 0:00:14]} 34. Qg5+ {[%emt 0:00:05]} Kh8 {
[%emt 0:00:13]} 35. Qf6+ {[%emt 0:00:05]} Kg8 {[%emt 0:00:04]} 36. Qc3 {
[%emt 0:00:09]} Nxc2 {[%emt 0:00:10]} 37. Qxc2 {[%emt 0:00:23]} a5 {[%emt 0:00:
16]} 38. d6 {[%emt 0:00:10]} a4 {[%emt 0:00:30]} 39. d7 {[%emt 0:00:32]} Qb6 {
[%emt 0:00:06]} 40. Nc3 {[%emt 0:00:29]} Kg7 {[%emt 0:00:23]} 41. Nxa4 {
[%emt 0:30:07]} 1-0

[Event "23rd ETCC Women 2021"]
[Site "Catez"]
[Date "2021.11.17"]
[Round "5.59"]
[White "Emelianova, Maria"]
[Black "Aydin, Gulenay"]
[Result "0-1"]
[WhiteElo "2113"]
[BlackElo "2114"]
[Annotator "NA"]
[PlyCount "78"]
[EventDate "2021.11.08"]
[EventType "team-tourn"]
[EventCountry "SLO"]
[SourceTitle "playchess.com"]
[Source "ChessBase"]
[SourceQuality "1"]
[WhiteTeam "England"]
[BlackTeam "Turkey"]
[WhiteTeamCountry "ENG"]
[BlackTeamCountry "TUR"]
[TimeControl "40/5400+30:1800+30"]

1. e4 {[%emt 0:01:01]} c6 {[%emt 0:00:09]} 2. d4 {[%emt 0:03:58]} d5 {[%emt 0:
00:09]} 3. e5 {[%emt 0:06:44]} Bf5 {[%emt 0:00:48]} 4. Nf3 {[%emt 0:01:41]} e6
{[%emt 0:00:42]} 5. h4 {[%emt 0:00:47]} h5 {[%emt 0:01:09]} 6. Nbd2 {[%emt 0:
03:26]} Nd7 {[%emt 0:02:19]} 7. Be2 {[%emt 0:06:59]} Be7 {[%emt 0:02:39]} 8. a4
{[%emt 0:00:45]} a5 {[%emt 0:09:02]} 9. b3 {[%emt 0:02:56]} Nh6 {[%emt 0:15:59]
} 10. Nf1 {[%emt 0:08:52]} Bg4 {[%emt 0:10:19]} 11. Ng5 {[%emt 0:06:36]} Bxe2 {
[%emt 0:03:13]} 12. Qxe2 {[%emt 0:00:08]} Nf5 {[%emt 0:00:32]} 13. c3 {[%emt 0:
06:51]} Nxh4 {[%emt 0:17:42]} 14. Rxh4 {[%emt 0:00:33]} Bxg5 {[%emt 0:00:06]}
15. Rxh5 {[%emt 0:00:15]} Rxh5 {[%emt 0:00:13]} 16. Qxh5 {[%emt 0:00:06]} Bxc1
{[%emt 0:00:24]} 17. Rxc1 {[%emt 0:01:04]} Qe7 {[%emt 0:02:27]} 18. Qh8+ {
[%emt 0:12:54]} Qf8 {[%emt 0:00:59]} 19. Qxf8+ {[%emt 0:01:54]} Kxf8 {[%emt 0:
01:40]} 20. c4 {[%emt 0:03:51]} dxc4 {[%emt 0:03:31]} 21. bxc4 {[%emt 0:07:26]}
c5 {[%emt 0:02:02]} 22. Rd1 {[%emt 0:08:00]} cxd4 {[%emt 0:08:48]} 23. f4 {
[%emt 0:00:42]} Nb6 {[%emt 0:08:17]} 24. Rxd4 {[%emt 0:00:48]} Nxa4 {[%emt 0:
00:37]} 25. Rd7 {[%emt 0:03:37]} Nc5 {[%emt 0:00:49]} 26. Rd6 {[%emt 0:03:25]}
a4 {[%emt 0:01:57]} 27. Ne3 {[%emt 0:00:42]} a3 {[%emt 0:01:31]} 28. Nc2 {
[%emt 0:00:22]} a2 {[%emt 0:00:57]} 29. Na1 {[%emt 0:00:18]} Ra4 {[%emt 0:00:
50]} 30. Rd2 {[%emt 0:04:46]} Rxc4 {[%emt 0:01:22]} 31. Rxa2 {[%emt 0:00:14]}
Rxf4 {[%emt 0:00:29]} 32. Ra8+ {[%emt 0:00:28]} Ke7 {[%emt 0:00:07]} 33. Rc8 {
[%emt 0:01:40]} Re4+ {[%emt 0:00:41]} 34. Kd2 {[%emt 0:01:21]} Rxe5 {[%emt 0:
00:12]} 35. Rc7+ {[%emt 0:00:29]} Kf6 {[%emt 0:00:10]} 36. Nc2 {[%emt 0:00:11]}
Ne4+ {[%emt 0:02:18]} 37. Ke3 {[%emt 0:00:38]} Rc5 {[%emt 0:01:05]} 38. Rxb7 {
[%emt 0:00:32]} Rxc2 {[%emt 0:00:07]} 39. Kxe4 {[%emt 0:00:08]} Rxg2 {[%emt 0:
00:07]} 0-1

[Event "23rd ETCC Women 2021"]
[Site "Catez"]
[Date "2021.11.17"]
[Round "5.60"]
[White "Onur, Cigdem"]
[Black "Bayat, Shohreh"]
[Result "1-0"]
[WhiteElo "2015"]
[BlackElo "2091"]
[Annotator "NA"]
[PlyCount "111"]
[EventDate "2021.11.08"]
[EventType "team-tourn"]
[EventCountry "SLO"]
[SourceTitle "playchess.com"]
[Source "ChessBase"]
[SourceQuality "1"]
[WhiteTeam "Turkey"]
[BlackTeam "England"]
[WhiteTeamCountry "TUR"]
[BlackTeamCountry "ENG"]
[TimeControl "40/5400+30:1800+30"]

1. e4 {[%emt 0:00:03]} e6 {[%emt 0:00:14]} 2. d4 {[%emt 0:00:03]} d5 {[%emt 0:
00:02]} 3. Nd2 {[%emt 0:00:04]} c5 {[%emt 0:01:08]} 4. Ngf3 {[%emt 0:00:06]}
cxd4 {[%emt 0:00:12]} 5. Nxd4 {[%emt 0:00:09]} Nc6 {[%emt 0:00:21]} 6. Bb5 {
[%emt 0:00:05]} Bd7 {[%emt 0:01:04]} 7. Nxc6 {[%emt 0:00:07]} bxc6 {[%emt 0:00:
16]} 8. Bd3 {[%emt 0:00:16]} e5 {[%emt 0:03:53]} 9. O-O {[%emt 0:06:42]} Bd6 {
[%emt 0:02:09]} 10. c4 {[%emt 0:09:48]} d4 {[%emt 0:07:53]} 11. c5 {[%emt 0:10:
33]} Bxc5 {[%emt 0:02:02]} 12. Nc4 {[%emt 0:00:11]} Qe7 {[%emt 0:03:23]} 13. f4
{[%emt 0:03:15]} Bd6 {[%emt 0:03:02]} 14. fxe5 {[%emt 0:07:09]} Bxe5 {[%emt 0:
01:42]} 15. Qh5 {[%emt 0:03:28]} Bc7 {[%emt 0:01:38]} 16. Bg5 {[%emt 0:06:38]}
Qe6 {[%emt 0:11:55]} 17. e5 {[%emt 0:06:14]} g6 {[%emt 0:02:24]} 18. Qf3 {
[%emt 0:05:44]} Qd5 {[%emt 0:01:04]} 19. Qf4 {[%emt 0:02:23]} Be6 {[%emt 0:02:
46]} 20. Rac1 {[%emt 0:07:53]} f5 {[%emt 0:08:04]} 21. Nd6+ {[%emt 0:09:50]}
Bxd6 {[%emt 0:01:42]} 22. exd6 {[%emt 0:00:05]} Kd7 {[%emt 0:11:09]} 23. Bc4 {
[%emt 0:08:07]} Qxd6 {[%emt 0:00:20]} 24. Bxe6+ {[%emt 0:03:02]} Kxe6 {[%emt 0:
00:06]} 25. Rfe1+ {[%emt 0:01:22]} Kd7 {[%emt 0:00:13]} 26. Qxd6+ {[%emt 0:00:
14]} Kxd6 {[%emt 0:00:11]} 27. Bf4+ {[%emt 0:00:11]} Kd7 {[%emt 0:01:05]} 28.
Be5 {[%emt 0:00:06]} Ne7 {[%emt 0:03:35]} 29. Bxh8 {[%emt 0:00:08]} Rxh8 {
[%emt 0:00:11]} 30. Red1 {[%emt 0:00:12]} Rb8 {[%emt 0:03:05]} 31. Rxd4+ {
[%emt 0:00:05]} Nd5 {[%emt 0:00:09]} 32. b3 {[%emt 0:00:54]} Kd6 {[%emt 0:00:
31]} 33. Kf2 {[%emt 0:03:02]} g5 {[%emt 0:01:13]} 34. g3 {[%emt 0:03:20]} Rb7 {
[%emt 0:04:29]} 35. Rcc4 {[%emt 0:04:58]} a5 {[%emt 0:00:54]} 36. Rd2 {[%emt 0:
00:30]} h6 {[%emt 0:01:24]} 37. g4 {[%emt 0:00:51]} f4 {[%emt 0:00:21]} 38. Kf3
{[%emt 0:00:40]} Rb4 {[%emt 0:01:25]} 39. Rxb4 {[%emt 0:00:32]} axb4 {[%emt 0:
00:07]} 40. h4 {[%emt 0:00:53]} Ke5 {[%emt 0:02:53]} 41. hxg5 {[%emt 0:02:06]}
hxg5 {[%emt 0:00:01]} 42. Rh2 {[%emt 0:11:48]} Nc3 {[%emt 0:00:39]} 43. Rh5 {
[%emt 0:05:13]} Ne4 {[%emt 0:01:45]} 44. Rh7 {[%emt 0:02:08]} Nd2+ {[%emt 0:00:
30]} 45. Kg2 {[%emt 0:02:15]} Ne4 {[%emt 0:00:18]} 46. Re7+ {[%emt 0:03:53]}
Kd4 {[%emt 0:00:48]} 47. Kf3 {[%emt 0:00:09]} Nd2+ {[%emt 0:00:45]} 48. Ke2 {
[%emt 0:00:53]} Ne4 {[%emt 0:00:22]} 49. Rd7+ {[%emt 0:00:15]} Ke5 {[%emt 0:10:
28]} 50. Kf3 {[%emt 0:00:28]} Nc3 {[%emt 0:01:38]} 51. Rg7 {[%emt 0:01:57]} Kf6
{[%emt 0:04:27]} 52. Rc7 {[%emt 0:00:07]} Nxa2 {[%emt 0:00:20]} 53. Rxc6+ {
[%emt 0:00:05]} Kg7 {[%emt 0:04:49]} 54. Rb6 {[%emt 0:03:48]} Kf7 {[%emt 0:01:
13]} 55. Ke4 {[%emt 0:00:22]} Nc3+ {[%emt 0:00:09]} 56. Kf5 {[%emt 0:00:28]}
1-0